The new economics of Richard Nixon : Freezes, floats, and fiscal policy

Đã lưu trong:
書目詳細資料
主要作者: Miller, Roger Leroy
格式: 圖書
語言:Undetermined
出版: New York Harper & Row 1972
主題:
標簽: 添加標簽
沒有標簽, 成為第一個標記此記錄!
Thư viện lưu trữ: Trung tâm Học liệu Trường Đại học Cần Thơ
LEADER 00591nam a2200217Ia 4500
001 CTU_89164
008 210402s9999 xx 000 0 und d
082 |a 330.9 
082 |b M647 
100 |a Miller, Roger Leroy 
245 4 |a The new economics of Richard Nixon : 
245 0 |b Freezes, floats, and fiscal policy 
245 0 |c Roger Leroy Miller 
260 |a New York 
260 |b Harper & Row 
260 |c 1972 
650 |a United states 
650 |x Economic policy 
650 |y 1971-1981 
904 |i Tuyến 
980 |a Trung tâm Học liệu Trường Đại học Cần Thơ